LEADER 00683nam a2200181 i 4500 001 000000179853 003 CaOOAMICUS 005 20090722000000.0 008 090722n it u000 u ita u 013 $a157461 040 $aSeMil$bita 100 1 $aPetroccia, Ciriaco M.$0(OLS)http://semarc/name/9738 245 10$aLibro 2. /$cCiriaco M. Petroccia. 300 $aX, 299 p. ;$c23 cm. 773 0 $aPetroccia, Ciriaco M.$tDialoghi della signorina Logica Vittoriosi.$dSora : Tipografia P.C. Camastro, 1930.$gLibro2$w()21740 850 $aSeMil 852 $aSeMil$W1$xVenegono$y1$m2A III 72$j130609$B130609$CSeMilBibl$Z2$F143341 $81 996 $6245$aLibro 2.$9(OLS)http://semarc/title/258231 LEADER 01126nam a2200217 i 4500 001 000000256124 003 CaOOAMICUS 005 20171109000000.0 008 171109s1661 xx u000 u lat u 013 $a235032 026 $ac.s, emoe o-n- rero (7) 1661 (R) 040 $aSeMil$bita 245 10$aOperum s. Ambrosii Mediolanensis episcopi tomus quartus, varios libros diversorimque argumentorum .. 300 $a[2] c., 552 col. 500 $aSegn.: *2 A.Z6. - Lascito Card. C.M. Martini. 773 0 $aAmbrosius $tSancti Ambrosii mediolanensis Episcopi Opera. Ex editione romana Sacrae Scripturae contextum, ad faciliorem lectorum intelligentiam.$dLutetiae Parisiorum : Impensis Societatis Typographicae, librorum officij ecclesiastici iussu regis constitutae, 1661.$g4$w()6010 850 $aSeMil 852 $aSeMil$W1$xVenegono$y1$m3H VI 83 FA$j206470$B206470$CSeMilBibl$Z2$F219830 $8I 941 1 $a4 961 $aLascito: Martini Card. Carlo Maria 996 $6245$aOperum s. Ambrosii Mediolanensis episcopi tomus quartus, varios libros diversorimque argumentorum ..$9(OLS)http://semarc/title/412120